| 000 | 00876nam a2200205 a 4500 | ||
|---|---|---|---|
| 008 | 120416s1960 ||||||||||||||||| || u | ||
| 020 | _a0582481473 | ||
| 050 | _aGB 53 Spa | ||
| 100 | _aSparks, B. W | ||
| 245 | 1 | 0 | _aGeomorphology. (2nd ed.) |
| 250 | _a2nd ed. | ||
| 260 |
_aLondon: _bLongman _c1960 |
||
| 300 | _axxi, 530p. : ill. | ||
| 350 | _a0.00 | ||
| 650 | _aGEOGRAPHY | ||
| 650 | 0 | _aGEOMORPHOLOGY | |
| 995 |
_aMAIN LIBRARY OPEN ACCESS _D0.00 _e717923 _FCBU-MAIN LIBRARY (Kitwe) _H2 _I6.65 _jGB 53 Spa _M2 _UAVAILABLE _y001262 _ZMain Library Open Access Collection |
||
| 995 |
_aBINDERY (DAMAGED) _D0.00 _e717144 _FCBU-MAIN LIBRARY (Kitwe) _H1 _I3.50 _jGB 53 SPA _M1 _UDAMAGED _y001261 _ZMain Library Open Access Collection |
||
| 995 |
_aMAIN LIBRARY OPEN ACCESS _D0.00 _e717922 _FCBU-MAIN LIBRARY (Kitwe) _H1 _I6.65 _jGB 53 Spa _M3 _UAVAILABLE _y001263 _ZMain Library Open Access Collection |
||
| 999 |
_c75887 _d75887 |
||